Normal view
MARC view
Entry Topical Term
001 - CONTROL NUMBER
- control field: 32613
003 - CONTROL NUMBER IDENTIFIER
- control field: ARRUPE
005 - DATE AND TIME OF LATEST TRANSACTION
- control field: 20170614111241.0
008 - FIXED-LENGTH DATA ELEMENTS
- fixed length control field: 170614|| aca||aabn | a|a d
040 ## - CATALOGING SOURCE
- Original cataloging agency: ARRUPE
- Transcribing agency: ARRUPE
150 ## - HEADING--TOPICAL TERM
- Topical term or geographic name as entry element: Slave-trade
- Geographic subdivision: Central African Republic
- Geographic subdivision: Dar-al-Kuti.
670 ## - SOURCE DATA FOUND
- Source citation: Work cat.: (ARRUPE)23214: Cordell, Dennis D., 1947- 32612, Dar al-Kuti and the last years of the trans-Saharan slave trade /, 1985.